Страны в Названиях Животных - Statistics

General Stats
  • This quiz has been taken 23 times
  • The average score is 43 of 108
Answer Stats
Picture Answer % Correct
Австралийская {ехидна}
91%
Китайский {панголин}
91%
Армянская {чайка}
86%
Испанская {рысь}
86%
Мозамбикская {кобра}
86%
Багамский {енот} (ssp.)
86%
Азербайджанская {ящерица}
82%
Греческая {черепаха}
82%
Грузинская {ящерица}
82%
Израильская дискоязычная {лягушка}
82%
Индийский {слон}
82%
Индонезийская {совка}
82%
Йеменский {хамелеон}
82%
Киргизская {ящурка}
82%
Корейский {заяц}
82%
Маврикийский ожереловый {попугай}
82%
Таджикская {ящурка}
82%
Тоголезская {лягушка}
82%
Малтийская {пчела} (ssp.)
82%
Афганская {лисица}
77%
Коста-риканская {пума}
77%
Перуанский {олень}
77%
Сомалийский {страус}
77%
Южноафриканский {дикобраз}
77%
Новогвинейская поющая {собака} (ssp.)
77%
Алжирский {еж}
73%
Египетская {цапля}
73%
Непльский {филин}
73%
Соломонский {какаду}
73%
Бирманская {гадюка-фея}
68%
Габонская {гадюка}
68%
Гамбийская {хомяковая крыса}
68%
Лаосская {скальная крыса}
68%
Сирийский {хомячок}
68%
Чилийский {фламинго}
68%
Японский {макак}
68%
Цейлонский {леопард} (ssp.)
68%
Шведская {муха} овсяная
64%
Эфиопский {шакал}
64%
Марокканская {саранча}
59%
Конголезский {павлин}
55%
Малайзийский короткохвостый {дятел}
55%
Казахстанский {архар} (ssp.)
55%
Колумбийская {шерстистая обезьяна}
50%
Канадская {казарка}
45%
Намибийская кошачья {акула}
45%
Гренадский {голубь}
41%
Иранская {лань}
41%
Кампучийский {гиббон}
41%
Коморский синий {голубь}
41%
Сан-томейский {голубь}
41%
Турецкий полупалый {геккон}
41%
Кенийский {удавчик}
36%
Русская {выхухоль}
36%
Парагвайская {анаконда}
32%
Филиппинская {гарпия}
32%
Итальянская {форель}
27%
Микронезийская {альциона}
27%
Португальский {кораблик}
27%
Тонганская {летучая лисица}
27%
Гвинейский {павиан}
23%
Монгольская саксаульная {сойка}
23%
Новозеландский {баклан}
23%
Мадагаскарский {нырок}
18%
Суринамская {пипа}
18%
Тобагский {древолаз}
18%
Болгарская мышевидная {соня}
14%
Бутанская {летяга}
14%
Венгерская {минога}
14%
Гайанский {ревун}
14%
Кипрская {славка}
14%
Норвежский {лемминг}
14%
Украинская {минога}
14%
Эритрейская {рыба-бабочка}
14%
Ангольская {генета}
9%
Вьетнамская {зеленушка}
9%
Гватемальский {кетцаль}
9%
Иракская {камышовка}
9%
Палестинская {нектарница}
9%
Самоанский {медосос-мао}
9%
Сейшельская {райская мухоловка}
9%
Сенегельский {галаго}
9%
Туркменский {эублефар}
9%
Эквадорская {зонтичная птица}
9%
Ямайский {тоди}
9%
{Цепея} австрийская
5%
Аргентинская {савка}
5%
Боливийский {саймири}
5%
Бразильский {ябиру}
5%
Венесуэльский {амазон}
5%
Гаитянский {щелезуб}
5%
Исландский {гоголь}
5%
Камерунский {колобус}
5%
Кубинская {хутия}
5%
Мексиканский {тамандуа}
5%
Никарагуанская {аратинга}
5%
Оманский {яго}
5%
Палауская {веерохвостка}
5%
Панамский {арлекин}
5%
Польская {кошениль}
5%
Румынский {усач}
5%
Сиамская {лофура}
5%
Суданская малая {дрофа}
5%
Танзанийская {древесница}
5%
Уругвайский {фалоцер}
5%
Фиджийская попугайная {амадина}
5%
Французский {чоп}
5%
Центральноафриканский {турако}
5%
No matching quizzes found
Score Distribution
Percent of People with Each Score
Percentile by Number Answered
Your Score History
You have not taken this quiz